| 000 | 00719nam a2200217Ii 4500 | ||
|---|---|---|---|
| 003 | JO-AjNU | ||
| 008 | 230605s9999||||xx |||||||||||||| ||und|| | ||
| 040 |
_aJO-AjNU _bara _erda _cJO-AjNU |
||
| 041 | _aara | ||
| 050 | 1 | 4 | _aBP173.756.M3724 2009 |
| 100 | 3 |
_aالمصري، رفيق يونس, _eauthor _930690 |
|
| 245 | 0 | 0 | _aبحوث في الزكاة |
| 250 | _aط2 | ||
| 264 | 3 | 1 | _aدمشق: دار المكتبي للطباعة والنشر والتوزيع، 2009 |
| 300 | _a382ص | ||
| 336 |
_atext _btxt _2rdacontent |
||
| 337 |
_aunmediated _bn _2rdamedia |
||
| 338 |
_avolume _bnc _2rdacarrier |
||
| 490 | 0 | _aنحو اقتصاد اسلامي | |
| 650 | 4 |
_aالزكاة- فقه اسلامي- بحوث _930691 |
|
| 999 |
_aA12196 _c15764 _d15764 |
||